United state (Record no. 38587)

MARC details
000 -LEADER
fixed length control field 00403nam a2200157Ia 4500
022 ## - INTERNATIONAL STANDARD SERIAL NUMBER
ISSN K 60 . O5/
050 ## - CALL MARK
Classification number Ohio Northern University law review.
245 #0 - TITLE STATEMENT
Title United state
260 ## - PUBLICATION, DISTRIBUTION, ETC. (IMPRINT)
Place of publication Ohio Northern University
260 ## - PUBLICATION, DISTRIBUTION, ETC. (IMPRINT)
Name of publisher 2018
260 ## - PUBLICATION, DISTRIBUTION, ETC. (IMPRINT)
Year of publication x, 350 p. :ill. ; 25 cm.
300 ## - PHYSICAL DESCRIPTION
Number of Pages Law reviews--Ohio.
650 ## - SUBJECT ADDED ENTRY--TOPICAL TERM
Topical Term SR

No items available.